| 000 | 00446nam a22001457a 4500 | ||
|---|---|---|---|
| 999 |
_c6640 _d6640 |
||
| 008 | 200309b ||||| |||| 00| 0 eng d | ||
| 082 | _a300.72KRI. | ||
| 100 | _aKRISHNASWAMI,o .r | ||
| 245 |
_amethodology of research in social science. _co.r. krishnaswami. and m. ranganatham _hEnglish |
||
| 260 |
_aMumbai _bhimalaya _c2006 |
||
| 300 |
_a445p. _billustation _c24cm. |
||
| 521 | _bBook | ||
| 650 | _2Research in social science | ||
| 942 |
_2ddc _cBOOKS |
||